000 00808nam a2200253 a 4500
001 000048147
003 DO-SdBNP
005 20240626093018.0
007 ta
008 240626s2006 dr 000 spa d
040 _aDO-SdBNP
_bspa
_cBNPHU
_erda
082 _222
_bI591
110 _aRepública Dominicana.
_bOficina Nacional de Administración y Personal
245 0 _aInstructivo de reclutamiento y selección de personal para la carrera administrativa
250 _a3a. edición
264 _aSanto Domingo :
_bMinisterio de Administracion Pública MAP,
_c2006
300 _a64 paginas. ;
_c22 cm.
336 _2rdacontent
_atexto
_btxt
337 _2rdamedia
_asin mediación
_bn
338 _2rdacarrier
_avolumen
_bnc
590 _aInventariado, 2024 / DG
910 _aDG
942 _2ddc
_cLBS1
999 _c56999
_d56999